| 000 | 00863cam a22002531 4500 | ||
|---|---|---|---|
| 001 | gs 28000048 | ||
| 003 | DLC | ||
| 005 | 20260227111332.0 | ||
| 008 | 771207s1927 dcuaf b 000 0 eng c | ||
| 010 | _ags 28000048 | ||
| 035 | _a(OCoLC)3469366 | ||
| 040 |
_aLibrary, U. S. Geological Survey _cCCC _dCCC _dOCoLC _dDLC |
||
| 042 | _apremarc | ||
| 050 | 0 | 0 |
_aTC801 _b.U2 no. 577 |
| 051 |
_aGB1005 _b.M4 |
||
| 100 | 1 |
_aMeinzer, O. E. _q(Oscar Edward), _d1876-1948. |
|
| 245 | 1 | 0 |
_aPlants as indicators of ground water / _cby Oscar Edward Meinzer. |
| 260 |
_aWashington : _bU.S. Govt. Print. Off., _c1927. |
||
| 300 |
_av, 95 p. : _bincl. illus., tables, 12 pl. ; _c23 cm. |
||
| 490 | 0 | _aU. S. Geoloical survey. Water-supply paper 577 | |
| 500 | _aAt head of title: Department of the Interior. | ||
| 504 | _aBibliographical foot-notes. | ||
| 650 | 0 | _aGroundwater. | |
| 999 |
_c26612 _d26612 |
||